Lancecrest Ltd v Asiwaju (Record no. 75155)

MARC details
000 -LEADER
fixed length control field 01602cab a2200193 4500
001 - CONTROL NUMBER
control field L129536
008 - FIXED-LENGTH DATA ELEMENTS--GENERAL INFORMATION
fixed length control field 050427n2005 000 0 eng u
035 ## - SYSTEM CONTROL NUMBER
System control number (Sirsi) u129536
041 ## - LANGUAGE CODE
Language code of text/sound track or separate title eng
245 ## - TITLE STATEMENT
Title Lancecrest Ltd v Asiwaju
260 ## - PUBLICATION, DISTRIBUTION, ETC.
Date of publication, distribution, etc. 2005
490 ## - SERIES STATEMENT
Series statement Estates Gazette
Volume/sequential designation [2005] 16 EG, 146-155(9)
520 ## - SUMMARY, ETC.
Summary, etc. [2005] EWCA Civ 117, 11 February 2005. Considered whether time is of the essence for a landlord serving notice to trigger a rent review and whether the letter sent by the tenant in response was sufficient counter-notice. The appellant tenant (A) held a 12 year lease with a clause providing for a rent review at the end of each four year period. The landlord (L) did not send a trigger notice until a year after the review date. The court below considered that the trigger notice was valid even though the clause required a notice to be served before the review date and that the letter sent by A was not valid as a counter-notice; A appealed. "Held": the appeal was allowed in part: time was not of the essence in regards to the trigger notice but was of the essence for the counter-notice. The letter sent by the tenant was held to be a valid counter-notice.
590 ## - LOCAL NOTE (RLIN)
Local note IKA290405
650 ## - SUBJECT ADDED ENTRY--TOPICAL TERM
Topical term or geographic name entry element LANCECREST LTD V GANIYU ASIWAJU
690 ## - LOCAL SUBJECT ADDED ENTRY--TOPICAL TERM (OCLC, RLIN)
Topical term or geographic name as entry element PROPERTY-COMMERCIAL PROPERTY-LEASEHOLD COMMERCIAL PROPERTY-COMMERCIAL LANDLORD AND TENANT-BUSINESS TENANCIES-RENT REVIEW (BUSINESS TENANCIES)
856 ## - ELECTRONIC LOCATION AND ACCESS
Uniform Resource Identifier <a href="https://www.bailii.org/cgi-bin/markup.cgi?doc=/ew/cases/EWCA/Civ/2005/117.html&query=asiwaju&method=all">https://www.bailii.org/cgi-bin/markup.cgi?doc=/ew/cases/EWCA/Civ/2005/117.html&query=asiwaju&method=all</a>
Public note View the judgment free of charge at www.bailii.org...
942 ## - ADDED ENTRY ELEMENTS (KOHA)
Suppress in OPAC 0
Holdings
Withdrawn status Lost status Source of classification or shelving scheme Damaged status Not for loan Home library Current library Shelving location Date acquired Total Checkouts Full call number Barcode Date last seen Copy number Price effective from Koha item type
    Dewey Decimal Classification     London London Journal article 27/04/2005   L129536 129536-1001 06/08/2019 1 06/08/2019 Law report